Thi sĩ với chiếc máy ảnh = The poet with a camera
Đã lưu trong:
| Príomhúdar: | |
|---|---|
| Formáid: | Leabhar |
| Teanga: | Undetermined |
| Foilsithe: |
Thành phố Hồ Chí Minh
Nhà xuất bản Thành phố Hồ Chí Minh
2004
|
| Ábhair: | |
| Clibeanna: |
Cuir Clib Leis
Gan Chlibeanna, Bí ar an gcéad duine leis an taifead seo a chlibeáil!
|
| Thư viện lưu trữ: | Trung tâm Học liệu Trường Đại học Cần Thơ |
|---|
| LEADER | 00631nam a2200217Ia 4500 | ||
|---|---|---|---|
| 001 | CTU_95668 | ||
| 008 | 210402s9999 xx 000 0 und d | ||
| 020 | |c 250000 | ||
| 082 | |a 770.92 | ||
| 082 | |b T103 | ||
| 100 | |a Lê, Anh Tài | ||
| 245 | 0 | |a Thi sĩ với chiếc máy ảnh = | |
| 245 | 4 | |b The poet with a camera | |
| 245 | 0 | |c Lê Anh Tài | |
| 260 | |a Thành phố Hồ Chí Minh | ||
| 260 | |b Nhà xuất bản Thành phố Hồ Chí Minh | ||
| 260 | |c 2004 | ||
| 650 | |a Photographers | ||
| 650 | |x Biography | ||
| 904 | |i M.Loan | ||
| 980 | |a Trung tâm Học liệu Trường Đại học Cần Thơ | ||